[Event "Morbihan-ch 1011"]
[Site "Morbihan"]
[Date "2011.02.12"]
[Round "5.4"]
[White "Purenne, Benoit"]
[Black "Pouliquen, Alain"]
[Result "1-0"]
[WhiteElo "1929"]
[BlackElo "1724"]
[PlyCount "60"]
[EventDate "2010.10.09"]
[EventType "swiss"]
[EventRounds "7"]
[EventCountry "FRA"]
[SourceTitle "EXT 2014"]
[Source "ChessBase"]
[SourceDate "2013.11.20"]
[SourceVersion "1"]
[SourceVersionDate "2013.11.20"]
[SourceQuality "1"]

1. e4 d5 2. exd5 Qxd5 3. Nc3 Qa5 4. d4 Nf6 5. Bd2 Qb6 6. Nf3 c6 7. Bc4 Bf5 8. Qe2 e6 9. 0-0 Bd6 10. Nh4 Bg6 11. Bxe6 0-0 12. Nxg6 hxg6 13. Bb3 Qxd4 14. Bg5 Re8 15. Bxf6 Bxh2+ 16. Kh1 Be5 17. Bxe5 Rxe5 18. Qc4 Rh5+ 19. Kg1 Qf6 20. Ne4 Qe7 21. Ng3 Rh6 22. Rfe1 Qf8 23. Qxf7+ Qxf7 24. Re8+ Kh7 25. Bxf7 a5 26. Rd1 g5 27. Rdd8 g6 28. Rxb8 Ra6 29. Ne4 Kg7 30. Bc4 Rb6 1-0

[Event "Fouesnant op 13th"]
[Site "Fouesnant"]
[Date "2007.10.28"]
[Round "3"]
[White "Roussel, Glenn"]
[Black "Pouliquen, Alain"]
[Result "1-0"]
[WhiteElo "1490"]
[BlackElo "1726"]
[PlyCount "83"]
[EventDate "2007.10.27"]
[EventType "swiss"]
[EventRounds "9"]
[EventCountry "FRA"]
[SourceTitle "EXT 2008"]
[Source "ChessBase"]
[SourceDate "2007.11.25"]
[SourceVersion "1"]
[SourceVersionDate "2007.11.25"]
[SourceQuality "1"]

1. e4 c5 2. Nf3 d6 3. Bc4 Nf6 4. Nc3 Nc6 5. d3 g6 6. Bg5 Bg7 7. 0-0 0-0 8. Re1 Bg4 9. h3 Bd7 10. Qd2 Re8 11. Rad1 a6 12. d4 cxd4 13. Nxd4 Ne5 14. Bb3 b5 15. Bh6 Bh8 16. Qe3 Rc8 17. Rc1 Nc4 18. Bxc4 Rxc4 19. b3 Rxd4 20. Qxd4 Ng4 21. Qd2 Bxc3 22. Qxc3 Nxh6 23. Qe3 Kg7 24. Qd4+ f6 25. Re3 Nf7 26. Rg3 Ne5 27. f4 Nc6 28. Qd5 Qb6+ 29. Kh1 Qf2 30. Rf3 Qb6 31. Rg3 Nd4 32. Qh5 Ne6 33. f5 Nf4 34. Qg4 g5 35. Qxf4 h6 36. Qe3 Qa5 37. Ra1 Rc8 38. Qa7 Rc7 39. Qf2 Qa3 40. c4 bxc4 41. bxc4 Rxc4 42. Rxa3 1-0

[Event "Morbihan-ch 0506"]
[Site "Arradon"]
[Date "2005.10.01"]
[Round "1"]
[White "Peyre, Jean Jacques"]
[Black "Pouliquen, Alain"]
[Result "0-1"]
[WhiteElo "1660"]
[BlackElo "1790"]
[PlyCount "70"]
[EventDate "2005.10.01"]
[EventType "swiss"]
[EventRounds "7"]
[EventCountry "FRA"]
[SourceTitle "EXT 2007"]
[Source "ChessBase"]
[SourceDate "2006.11.23"]
[SourceVersion "1"]
[SourceVersionDate "2006.11.23"]
[SourceQuality "1"]

1. d4 d5 2. Nf3 Nf6 3. c4 c6 4. Nc3 e6 5. Bg5 Nbd7 6. e3 Be7 7. Bd3 dxc4 8. Bxc4 b5 9. Bd3 Bb7 10. 0-0 a6 11. a3 0-0 12. h3 c5 13. Bc2 Rc8 14. Bf4 Nb6 15. Bb3 Nbd5 16. Bh2 Nxc3 17. bxc3 Ne4 18. Rc1 c4 19. Ba2 Bxa3 20. Rc2 Bd6 21. Bxd6 Qxd6 22. Nh2 Rfd8 23. f4 Bd5 24. Qe1 a5 25. Bb1 b4 26. cxb4 axb4 27. Nf3 b3 28. Re2 c3 29. Bxe4 Bxe4 30. Qc1 Bd3 31. Rff2 Bxe2 32. Rxe2 b2 33. Qb1 Ra8 34. Rxb2 cxb2 35. Qxb2 Qa3 0-1

[Event "Morbihan-ch 0405"]
[Site "Arradon"]
[Date "2004.11.20"]
[Round "2"]
[White "Pouliquen, Alain"]
[Black "Peyre, Thomas"]
[Result "1-0"]
[WhiteElo "1830"]
[BlackElo "1620"]
[PlyCount "71"]
[EventDate "2004.10.10"]
[EventType "swiss"]
[EventRounds "7"]
[EventCountry "FRA"]
[SourceTitle "EXT 2007"]
[Source "ChessBase"]
[SourceDate "2006.11.23"]
[SourceVersion "1"]
[SourceVersionDate "2006.11.23"]
[SourceQuality "1"]

1. d4 Nf6 2. c4 e5 3. dxe5 Ng4 4. Nf3 Nc6 5. Bf4 Qe7 6. e6 dxe6 7. Nc3 e5 8. Bg3 e4 9. Nd5 Qc5 10. Nxc7+ Ke7 11. Nd5+ Ke8 12. Nd2 f5 13. e3 Nge5 14. Nc7+ Kf7 15. Nxa8 Bd6 16. Nb3 Qb4+ 17. Qd2 Qxd2+ 18. Nxd2 Be6 19. c5 Bb8 20. Rc1 Nb4 21. Bxe5 Bxe5 22. Nc4 Bxc4 23. Bxc4+ Ke7 24. Nb6 axb6 25. cxb6 Bxb2 26. Rd1 Rc8 27. Bb3 Rc6 28. 0-0 Rxb6 29. f3 f4 30. fxe4 fxe3 31. Rf7+ Ke8 32. Kf1 Rc6 33. Rxb7 Rf6+ 34. Ke2 Rf2+ 35. Kxe3 Rxg2 36. Ba4+ 1-0

[Event "Fouesnant op 10th"]
[Site "Fouesnant"]
[Date "2004.10.26"]
[Round "5"]
[White "Bacon, Bruno"]
[Black "Pouliquen, Alain"]
[Result "1/2-1/2"]
[WhiteElo "1720"]
[BlackElo "1830"]
[PlyCount "64"]
[EventDate "2004.10.23"]
[EventType "swiss"]
[EventRounds "9"]
[EventCountry "FRA"]
[SourceTitle "EXT 2007"]
[Source "ChessBase"]
[SourceDate "2006.11.23"]
[SourceVersion "1"]
[SourceVersionDate "2006.11.23"]
[SourceQuality "1"]

1. c4 e5 2. g3 Nf6 3. Bg2 c5 4. Nc3 Nc6 5. d3 Be7 6. e4 d6 7. Nge2 a6 8. 0-0 0-0 9. h3 h6 10. f4 exf4 11. Nxf4 Nd4 12. Kh2 Nd7 13. Nfd5 Ne5 14. Nxe7+ Qxe7 15. Nd5 Qd8 16. Be3 f5 17. Qd2 fxe4 18. dxe4 Nxc4 19. Rxf8+ Qxf8 20. Qc3 Nxe3 21. Qxe3 Nc2 22. Qc1 Nxa1 23. Nf4 Nb3 24. axb3 g5 25. Nd5 Qf2 26. Qc4 Kg7 27. Qc3+ Qd4 28. Qa5 Qe5 29. Qc7+ Kf8 30. Qd8+ Kf7 31. Qc7+ Kf8 32. Qd8+ Kf7 1/2-1/2

[Event "Fouesnant op 10th"]
[Site "Fouesnant"]
[Date "2004.10.24"]
[Round "3"]
[White "Le Moy, Patrick"]
[Black "Pouliquen, Alain"]
[Result "1/2-1/2"]
[WhiteElo "1740"]
[BlackElo "1830"]
[PlyCount "46"]
[EventDate "2004.10.23"]
[EventType "swiss"]
[EventRounds "9"]
[EventCountry "FRA"]
[SourceTitle "EXT 2007"]
[Source "ChessBase"]
[SourceDate "2006.11.23"]
[SourceVersion "1"]
[SourceVersionDate "2006.11.23"]
[SourceQuality "1"]

1. d4 d5 2. c4 Nf6 3. Nc3 c6 4. Nf3 e6 5. Bg5 Be7 6. e3 0-0 7. Bd3 Nbd7 8. 0-0 a6 9. Rc1 c5 10. cxd5 exd5 11. dxc5 Nxc5 12. Bb1 Be6 13. Bxf6 Bxf6 14. b4 Bxc3 15. bxc5 Bf6 16. Qb3 Rb8 17. Rfd1 Qc7 18. Nd4 Bxd4 19. Rxd4 b6 20. Qd3 g6 21. c6 Bf5 22. Qb3 Bxb1 23. Qxb1 Rfd8 1/2-1/2

[Event "Morbihan-ch 0304"]
[Site "Morbihan"]
[Date "2003.12.13"]
[Round "3"]
[White "Pouliquen, Alain"]
[Black "Blanchard, Ophelie"]
[Result "1/2-1/2"]
[WhiteElo "1610"]
[BlackElo "1810"]
[PlyCount "57"]
[EventDate "2003.10.??"]
[EventType "swiss"]
[EventRounds "7"]
[EventCountry "FRA"]
[SourceTitle "EXT 2005"]
[Source "ChessBase"]
[SourceDate "2004.11.15"]
[SourceVersion "1"]
[SourceVersionDate "2004.11.15"]
[SourceQuality "1"]

1. d4 d5 2. c4 e6 3. Nc3 Nf6 4. Bg5 Be7 5. Nf3 Nbd7 6. e3 0-0 7. Rc1 c6 8. Qc2 Re8 9. a3 Nf8 10. Bd3 Ng6 11. 0-0 Bd7 12. Bxg6 hxg6 13. Ne5 Rc8 14. c5 Nh5 15. Bxe7 Qxe7 16. b4 Red8 17. Nxd7 Rxd7 18. a4 e5 19. Rfe1 e4 20. a5 Qh4 21. b5 Nf6 22. bxc6 bxc6 23. Rb1 Ng4 24. h3 Nf6 25. a6 Ne8 26. Rb7 Rxb7 27. axb7 Rb8 28. Rb1 Qe7 29. Qb3 1/2-1/2

[Event "Morbihan-ch 0102"]
[Site "Morbihan"]
[Date "2001.10.20"]
[Round "1"]
[White "Desurmont, Sylvain"]
[Black "Pouliquen, Alain"]
[Result "1-0"]
[WhiteElo "1950"]
[BlackElo "1530"]
[PlyCount "145"]
[EventDate "2001.10.20"]
[EventType "swiss"]
[EventRounds "7"]
[EventCountry "FRA"]
[SourceTitle "EXT 2005"]
[Source "ChessBase"]
[SourceDate "2004.11.15"]
[SourceVersion "1"]
[SourceVersionDate "2004.11.15"]
[SourceQuality "1"]

1. d4 d5 2. e3 Nf6 3. Bd3 Nc6 4. f4 Nb4 5. Nf3 Bg4 6. 0-0 Nxd3 7. cxd3 c6 8. Nc3 e6 9. Qb3 Qc7 10. Bd2 Be7 11. Rae1 0-0 12. Ne5 Bh5 13. Ne2 a5 14. a3 a4 15. Qc2 c5 16. Ng3 Rfc8 17. Nxh5 Nxh5 18. Rc1 f6 19. Nf3 f5 20. Ne5 Bd6 21. Qd1 Nf6 22. Nf3 Qb6 23. Bc3 c4 24. Ng5 Be7 25. Rb1 Qa6 26. dxc4 Rxc4 27. Be1 h6 28. Nf3 Ng4 29. Qd3 Rac8 30. Bc3 R4c6 31. Qxa6 Rxa6 32. h3 Nf6 33. Rfc1 Rac6 34. Ne5 R6c7 35. Bd2 Ne4 36. Rxc7 Rxc7 37. Rc1 Rxc1+ 38. Bxc1 Bh4 39. Kf1 Be7 40. Ke2 Bd8 41. Bd2 Nxd2 42. Kxd2 Ba5+ 43. Kd3 Kf8 44. g4 Ke7 45. Ke2 g5 46. fxg5 hxg5 47. Nd3 fxg4 48. hxg4 Bb6 49. Kd2 Ba5+ 50. Kc2 Bc7 51. Nc5 b5 52. Kc3 Ba5+ 53. Kd3 Bc7 54. Na6 Bd6 55. Kc3 e5 56. Nb4 Ke6 57. Nc6 e4 58. Na7 Bh2 59. Nxb5 Bg1 60. Kd2 Kd7 61. Nc3 Kc6 62. Nxa4 Kb5 63. Nc5 Bf2 64. b3 Bg3 65. Ne6 Bh4 66. Ng7 Bg3 67. Nf5 Bc7 68. Kc3 Bh2 69. Ne7 Bd6 70. a4+ Ka5 71. Nxd5 Ba3 72. Kc2 Bd6 73. Nf6 1-0

[Event "Fouesnant op 07th"]
[Site "Fouesnant"]
[Date "2001.10.??"]
[Round "6"]
[White "Pouliquen, Alain"]
[Black "Ollivier, Alain"]
[Result "1-0"]
[WhiteElo "1530"]
[BlackElo "1670"]
[PlyCount "61"]
[EventDate "2001.10.27"]
[EventType "swiss"]
[EventRounds "7"]
[EventCountry "FRA"]
[SourceTitle "EXT 2003"]
[Source "ChessBase"]
[SourceDate "2002.11.25"]
[SourceVersion "1"]
[SourceVersionDate "2002.11.25"]
[SourceQuality "1"]

1. Nf3 d5 2. d4 Nf6 3. g3 c6 4. Bg2 e6 5. Nc3 Bd6 6. 0-0 0-0 7. Re1 Nbd7 8. e4 dxe4 9. Nxe4 Nxe4 10. Rxe4 Nf6 11. Re1 h6 12. c3 Qc7 13. Qc2 b6 14. Be3 Bb7 15. Nd2 Ng4 16. Ne4 Nxe3 17. Rxe3 Be7 18. Rd1 Rac8 19. Red3 Rfd8 20. f3 Rd7 21. b4 Rcd8 22. Qb2 f5 23. Nf2 c5 24. Qb3 c4 25. Qb2 cxd3 26. Nxd3 Bf6 27. Qb3 Bd5 28. Qb2 Rc8 29. Rc1 Bxd4+ 30. cxd4 Qxc1+ 31. Nxc1 1-0